ბათუმის შოთა რუსთაველის სახელმწიფო უნივერსიტეტის ბიბლიოთეკა

საქართველოს გეოგრაფია [2 ნაწილად] : (ბიბ.ჩანაწერი № 34402)

000 -ლიდერი
ფიქსირებული სიგრძის საკონტროლო ველი 01086nam a2200217Ia 4500
001 - საკონტროლო ნომერი
საკონტროლო ველი 98
003 - საკონტროლო ნომრის იდენტიფიკატორი
საკონტროლო ველი GE_BSU
005 - ბოლო ოპერაციის თარიღი და დრო
საკონტროლო ველი 20210225150004.0
008 - ფიქსირებული სიგრძის მონაცემთა ელემენტები - ზოგადი ინფორმაცია
ფიქსირებული სიგრძის საკონტროლო ველი 181216s2000||||ge |||||||||||||| ||geo||
020 ## - წიგნის საერთაშორისო სტანდარტული ნომერი
International Standard Book Number 9992883545
040 ## - კატალოგიზაციის წყარო
Transcribing agency GE_BSU
041 ## - ენის კოდი
Language code of text/sound track or separate title geo
080 ## - უნივერსალური ათობითი კლასიფიკაციის ინდექსი
Universal Decimal Classification number 911.2(479.22) ს–32
245 ## - ცნობა სათაურის შესახებ
Title საქართველოს გეოგრაფია [2 ნაწილად] :
Remainder of title ნაწილი I : ფიზიკური გეოგრაფია /
Statement of responsibility, etc საქ. მეცნ. აკად., გეოგრაფიის ინ-ტი ; [სარედ. კოლ.: ზურაბ ტატაშიძე (მთ. რედ.) და სხვ.].
264 ## - წარმოების, გამოცემის, დისტრიბუციის და სხვა ცნობები
გამოცემის, წარმოების, დისტრიბუციის... ადგილი თბილისი :
გამოცემის, წარმოების, დისტრიბუციის... სახელწოდება მეცნიერება,
გამოცემის, წარმოების, დისტრიბუციის... თარიღი 2000.
300 ## - ფიზიკური აღწერა
Extent 315 გვ.
Other physical details 25სმ.
653 ## - INDEX TERM--UNCONTROLLED
Uncontrolled term საქართველოს გეოგრაფია
653 ## - INDEX TERM--UNCONTROLLED
Uncontrolled term საქართველოს ფიზიკური გეოგრაფია
700 ## - ADDED ENTRY--PERSONAL NAME
Personal name ტატაშიძე, ზურაბ
Relator term რედაქტორი
9 (RLIN) 10239
942 ## - ADDED ENTRY ELEMENTS (KOHA)
Koha item type წიგნი
Source of classification or shelving scheme
ეგზემპლარები
ჩამოწერის სტატუსი დაკარგული ეგზემპლარის სტატუსი კლასიფიკაციის წყარო ან თაროზე გაწყობის სქემა დაზიანების სტატუსი არ გაიცემა მუდმივი მდებარეობა (დაცვის ადგილი) ამჟამინდელი ადგილსამყოფელი თაროზე განთავსების ადგილი შეძენის თარიღი ღირებულება, შესყიდვის ნორმალური ფასი სრული შენახვის შიფრი შტრიხკოდი ბოლო ოპერაციის თარიღი ეგზემპლარის მიმდევრობითი ნომერი (კეტერი?) ფასის ძალაში შესვლის თარიღი ეგზემპლარის სახეობა საჯარო შენიშვნა
          ბათუმის შოთა რუსთაველის სახელმწიფო უნივერსიტეტის მთავარი ბიბლიოთეკა ბათუმის შოთა რუსთაველის სახელმწიფო უნივერსიტეტის მთავარი ბიბლიოთეკა წიგნსაცავი 2018-12-17 20.00 911.2(479.22) ს–32 1946 2018-12-17 1946 2018-12-17 წიგნი 20 ლ.